| 000 | 00420nam a2200169Ia 4500 | ||
|---|---|---|---|
| 001 | 13800 | ||
| 003 | IN-NITTTR | ||
| 005 | 20251114233129.0 | ||
| 008 | 251113s9999||||xx |||||||||||||| ||eng|| | ||
| 040 | _beng | ||
| 040 | _cIN-NITTTR | ||
| 041 | _aeng | ||
| 082 | _a330.08 R563G | ||
| 100 | _aRobinson, Joan | ||
| 245 | 4 |
_aThe generalisation of the general theory and other essays / _cRobinson, Joan |
|
| 942 |
_2ddc _cBK |
||
| 999 |
_c16436 _d16436 |
||